00421 2200169 4500001002100000005001500021008004100036035001900077041000700096082000800103090001400111100001600125245002300141260004000164300002000204650002700224INLIS00000000001861820241224115534241224||||||||| | ||| |||| || |  0010-1224018618 aid0 a813 a813 SUD e0 aHUDOYONO MZ00aETI SIANAK TELADAN aSurakartabWidya Duta Grafikac2007 a66hlm;14.5x21cm 0akesusastraan Indonesia